[Event "Figueira da Foz op 17th"]
[Site "Figueira da Foz"]
[Date "2023.11.12"]
[Round "9"]
[White "Rajesh, VAV"]
[Black "Solodovnichenko, Yuri"]
[Result "1-0"]
[WhiteElo "2310"]
[BlackElo "2490"]
[PlyCount "75"]
[EventDate "2023.11.05"]
[EventType "swiss"]
[EventRounds "9"]
[EventCountry "POR"]
[SourceTitle "CB46_2023"]
[SourceDate "2023.11.15"]
[SourceVersion "1"]
[SourceVersionDate "2023.11.15"]
[SourceQuality "1"]

1. d4 Nf6 2. c4 e6 3. Nc3 c5 4. d5 exd5 5. cxd5 d6 6. Nf3 g6 7. Bf4 Bg7 8. e4 0-0 9. Nd2 Ne8 10. Be2 Nd7 11. 0-0 Ne5 12. Be3 f5 13. f4 Nf7 14. a4 Nf6 15. exf5 gxf5 16. Nc4 Bd7 17. h3 Re8 18. Bf2 b6 19. Bd3 Ne4 20. Bxe4 fxe4 21. Re1 Bxc3 22. bxc3 Qf6 23. Qd2 h5 24. Re3 Kh7 25. Qe2 Qf5 26. Nd2 Qxd5 27. c4 Qf5 28. Nxe4 Qg6 29. Bh4 Kh6 30. Nf6 Rxe3 31. Qxe3 Bf5 32. Ra3 d5 33. Qe2 Be4 34. Rg3 Qf5 35. cxd5 Bxd5 36. Bg5+ Kg7 37. Qxh5 Rh8 38. Bh4+ 1-0

[Event "IND-ch 59th"]
[Site "New Delhi"]
[Date "2023.01.01"]
[Round "11"]
[White "Rajesh, VAV"]
[Black "Audi, Ameya"]
[Result "1/2-1/2"]
[WhiteElo "2314"]
[BlackElo "2401"]
[PlyCount "92"]
[EventDate "2022.12.22"]
[EventType "swiss"]
[EventRounds "13"]
[EventCountry "IND"]
[SourceTitle "CBM 211 Extra"]
[Source "ChessBase"]
[SourceDate "2023.01.31"]
[SourceVersion "1"]
[SourceVersionDate "2023.01.31"]
[SourceQuality "1"]

1. d4 Nf6 2. c4 g6 3. Nc3 Bg7 4. e4 d6 5. h3 0-0 6. Bg5 c5 7. d5 e6 8. Bd3 exd5 9. exd5 Nbd7 10. Nf3 Re8+ 11. Kf1 a6 12. Qd2 b5 13. cxb5 axb5 14. Bxb5 Qb6 15. Kg1 Ne4 16. Nxe4 Rxe4 17. a4 Ne5 18. Nxe5 Bxe5 19. f4 Bg7 20. Kh2 Ba6 21. Rhe1 Rb4 22. Bc6 Bb7 23. a5 Qa6 24. Qe2 h6 25. Be7 Bxc6 26. Qxa6 Rxa6 27. dxc6 Rxc6 28. Bxd6 Rxd6 29. Re8+ Kh7 30. a6 Bxb2 31. a7 Bxa1 32. a8Q Bg7 33. f5 gxf5 34. Qa7 Re4 35. Qxf7 Rxe8 36. Qxe8 Rd5 37. Qf7 Re5 38. h4 Kh8 39. Kg3 Kh7 40. Kf3 Kh8 41. g3 Kh7 42. Kf2 Kh8 43. Kf3 Kh7 44. Kf2 Kh8 45. Kf3 Re1 46. Kf2 Re5 1/2-1/2

[Event "IND-ch 59th"]
[Site "New Delhi"]
[Date "2022.12.31"]
[Round "10"]
[White "Aakash, G2222"]
[Black "Rajesh, VAV"]
[Result "0-1"]
[WhiteElo "1830"]
[BlackElo "2314"]
[PlyCount "78"]
[EventDate "2022.12.22"]
[EventType "swiss"]
[EventRounds "13"]
[EventCountry "IND"]
[SourceTitle "CBM 211 Extra"]
[Source "ChessBase"]
[SourceDate "2023.01.31"]
[SourceVersion "1"]
[SourceVersionDate "2023.01.31"]
[SourceQuality "1"]

1. d4 Nf6 2. c4 b6 3. Nc3 Bb7 4. Qc2 e6 5. Bf4 Nc6 6. Nf3 Bb4 7. e3 d6 8. Be2 Qe7 9. 0-0 Bxc3 10. Qxc3 Ne4 11. Qc2 f5 12. d5 Nd8 13. Nd4 0-0 14. f3 Nc5 15. Bg3 a5 16. e4 f4 17. Bf2 e5 18. Nb5 Bc8 19. a3 a4 20. Nc3 Ndb7 21. Na2 g5 22. Nc1 h5 23. Bd1 g4 24. Be1 Qh7 25. Qf2 Rf7 26. Qh4 Rg7 27. Kh1 Qg6 28. g3 gxf3 29. Bxf3 Bg4 30. Bxg4 hxg4 31. gxf4 Qxe4+ 32. Kg1 Rf8 33. Bc3 Qxc4 34. Na2 Nd3 35. f5 Qc5+ 36. Kg2 Qxd5+ 37. Kg1 Qe4 38. f6 Rh7 39. Qg5+ Kf7 0-1

[Event "Bikaner op 1st"]
[Site "Bikaner"]
[Date "2022.10.01"]
[Round "1"]
[White "Rajesh, VAV"]
[Black "Aarav, Sinha"]
[Result "1-0"]
[WhiteElo "2334"]
[BlackElo "1888"]
[PlyCount "79"]
[EventDate "2022.10.01"]
[EventType "swiss"]
[EventRounds "10"]
[EventCountry "IND"]
[SourceTitle "CBM 210 Extra"]
[Source "ChessBase"]
[SourceDate "2022.11.30"]
[SourceVersion "1"]
[SourceVersionDate "2022.11.30"]
[SourceQuality "1"]

1. d4 Nf6 2. c4 e6 3. Nc3 d5 4. cxd5 exd5 5. Bg5 c6 6. e3 Bf5 7. Bd3 Bxd3 8. Qxd3 Be7 9. Nge2 Nbd7 10. Ng3 g6 11. f3 0-0 12. 0-0 Re8 13. Rad1 Qb6 14. Rd2 Bf8 15. Kh1 Bg7 16. e4 dxe4 17. fxe4 h6 18. Bxf6 Nxf6 19. e5 Nh7 20. Rdf2 Re7 21. Nge4 Ng5 22. Nxg5 hxg5 23. Qc4 Qa6 24. Qxa6 bxa6 25. Ne4 Rd8 26. Nd6 c5 27. dxc5 Rf8 28. Nc4 Bxe5 29. Re2 Bd6 30. Rxe7 Bxe7 31. b4 Rd8 32. Ne5 Rd2 33. h3 Re2 34. Nc6 Kf8 35. a3 Re3 36. Rf3 Rxf3 37. gxf3 Bf6 38. Nxa7 Bb2 39. a4 Ba3 40. c6 1-0

[Event "Raipur Chhattisgarh"]
[Site "Raipur"]
[Date "2022.09.25"]
[Round "7"]
[White "Rajesh, VAV"]
[Black "Deepan Chakkravarthy, J."]
[Result "1/2-1/2"]
[WhiteElo "2331"]
[BlackElo "2439"]
[PlyCount "139"]
[EventDate "2022.09.19"]
[EventType "swiss"]
[EventRounds "10"]
[EventCountry "IND"]
[SourceTitle "CBM 210 Extra"]
[Source "ChessBase"]
[SourceDate "2022.11.30"]
[SourceVersion "1"]
[SourceVersionDate "2022.11.30"]
[SourceQuality "1"]

1. d4 Nf6 2. c4 e6 3. Nc3 Bb4 4. e3 0-0 5. Bd2 b6 6. Nf3 Bb7 7. Bd3 d5 8. 0-0 Bd6 9. Rc1 a6 10. Qe2 Ne4 11. Rfd1 Nd7 12. Be1 Qe7 13. cxd5 exd5 14. Bxe4 dxe4 15. Nd2 b5 16. Nb3 Rab8 17. Qc2 Rfe8 18. Na5 Ba8 19. Ne2 Rb6 20. b4 Nf6 21. a3 Bd5 22. Nf4 Bxf4 23. exf4 e3 24. f3 e2 25. Rd3 Nh5 26. Qd2 Qf6 27. Bg3 Rbe6 28. Re1 Qf5 29. Rc3 c6 30. Kf2 h6 31. Qd3 Qf6 32. f5 R6e7 33. Rc2 Qg5 34. Rcxe2 Rxe2+ 35. Rxe2 Rxe2+ 36. Qxe2 Qxf5 37. Be5 Nf4 38. Bxf4 Qxf4 39. Qe8+ Kh7 40. Nxc6 Qh4+ 41. Kf1 Qxh2 42. Ne7 Bc4+ 43. Kf2 Qh4+ 44. Kg1 Qxd4+ 45. Kh1 Qh4+ 46. Kg1 Qe1+ 47. Kh2 Qe5+ 48. Kh1 h5 49. f4 Qe1+ 50. Kh2 Qh4+ 51. Kg1 Qxf4 52. Qg8+ Kh6 53. Qh8+ Kg5 54. Qxg7+ Kh4 55. Qc3 Be6 56. Nc6 Bg4 57. Ne5 Kg5 58. Qc5 Kf6 59. Nd3 Qe4 60. Qc3+ Kf5 61. Qc5+ Kg6 62. Ne5+ Kg7 63. Qc3 Kg8 64. Nc6 Bd7 65. Nb8 Be6 66. Nxa6 Bd5 67. Qg3+ Kh7 68. Nc5 Qb1+ 69. Kh2 Qf5 70. Qd3 1/2-1/2

[Event "Raipur Chhattisgarh"]
[Site "Raipur"]
[Date "2022.09.19"]
[Round "1"]
[White "Rajesh, VAV"]
[Black "Mayank, Chakraborty"]
[Result "1/2-1/2"]
[WhiteElo "2331"]
[BlackElo "2044"]
[PlyCount "158"]
[EventDate "2022.09.19"]
[EventType "swiss"]
[EventRounds "10"]
[EventCountry "IND"]
[SourceTitle "CBM 210 Extra"]
[Source "ChessBase"]
[SourceDate "2022.11.30"]
[SourceVersion "1"]
[SourceVersionDate "2022.11.30"]
[SourceQuality "1"]

1. b3 e5 2. Bb2 Nc6 3. e3 Nf6 4. Bb5 Bd6 5. Na3 a6 6. Be2 b5 7. c4 b4 8. Nc2 Bb7 9. d4 exd4 10. exd4 0-0 11. c5 Bf4 12. Nh3 Bh6 13. d5 Ne7 14. Bxf6 gxf6 15. Bf3 d6 16. c6 Bc8 17. Nxb4 Bxh3 18. gxh3 Ng6 19. 0-0 f5 20. Nd3 Kh8 21. Kh1 Qh4 22. Bg2 Rg8 23. Rg1 Rg7 24. Qe2 Rag8 25. Bf3 Qxh3 26. Rg3 Qh4 27. Rag1 Nf4 28. Rxg7 Bxg7 29. Nxf4 Qxf4 30. Qe3 Qh4 31. Be2 Be5 32. Rxg8+ Kxg8 33. h3 a5 34. Bd3 Qh5 35. Kg2 Kg7 36. f4 Bf6 37. Qg3+ Kf8 38. Qf3 Qg6+ 39. Qg3 Qh5 40. Qf3 Qg6+ 41. Qg3 Bh4 42. Qxg6 fxg6 43. Ba6 Be1 44. Kf3 Bd2 45. Bc8 Ke7 46. Be6 Kf6 47. Bd7 h6 48. Bc8 Bc1 49. h4 Bd2 50. Kg3 Be1+ 51. Kh3 g5 52. fxg5+ hxg5 53. hxg5+ Kxg5 54. Ba6 Kf4 55. Bd3 Ke5 56. Kg2 Kxd5 57. Bxf5 Kxc6 58. Kf3 Kc5 59. Ke2 Bh4 60. Kd3 Kb4 61. Be6 Ka3 62. Kc2 Kxa2 63. b4+ Ka3 64. bxa5 Kb4 65. a6 Bf2 66. Bg4 Ba7 67. Bf3 c5 68. Be2 c4 69. Bf3 Kb5 70. Kc3 Kc5 71. Kc2 Bb6 72. Bg2 Kb5 73. Bd5 Kc5 74. Bf3 d5 75. Bg2 d4 76. Bf1 Kb5 77. Be2 d3+ 78. Bxd3 cxd3+ 79. Kxd3 Kxa6 1/2-1/2

[Event "Madurai Athens of the East op 2nd"]
[Site "Madurai"]
[Date "2022.07.05"]
[Round "10"]
[White "Ram, S Krishnan"]
[Black "Rajesh, VAV"]
[Result "1/2-1/2"]
[WhiteElo "2049"]
[BlackElo "2358"]
[PlyCount "61"]
[EventDate "2022.06.28"]
[EventType "swiss"]
[EventRounds "10"]
[EventCountry "IND"]
[SourceTitle "EXT 2023"]
[Source "ChessBase"]
[SourceDate "2022.10.05"]
[SourceVersion "1"]
[SourceVersionDate "2022.10.05"]
[SourceQuality "1"]

1. Nf3 Nf6 2. c4 c5 3. Nc3 Nc6 4. d4 cxd4 5. Nxd4 g6 6. e4 d6 7. Be2 Bg7 8. Be3 0-0 9. 0-0 Bd7 10. Qd2 Ng4 11. Bxg4 Bxg4 12. f4 Nxd4 13. Bxd4 e5 14. fxe5 dxe5 15. Be3 Qxd2 16. Bxd2 Rfd8 17. Bg5 Rd4 18. b3 h6 19. Bf6 Bxf6 20. Rxf6 Kg7 21. Rf2 Rad8 22. Re1 a6 23. Nd5 Be6 24. Nc7 Bd7 25. Ref1 Rf8 26. Nd5 Be6 27. Nc7 Bd7 28. Nd5 Be6 29. Nc7 Bd7 30. Nd5 Be6 31. Nc7 1/2-1/2

[Event "Chennai op 13th"]
[Site "Chennai"]
[Date "2022.06.22"]
[Round "6"]
[White "Pawar, Harshit"]
[Black "Rajesh, VAV"]
[Result "1/2-1/2"]
[WhiteElo "1873"]
[BlackElo "2358"]
[PlyCount "60"]
[EventDate "2022.06.19"]
[EventType "swiss"]
[EventRounds "10"]
[EventCountry "IND"]
[SourceTitle "CBM 209 Extra"]
[Source "ChessBase"]
[SourceDate "2022.09.30"]
[SourceVersion "1"]
[SourceVersionDate "2022.09.30"]
[SourceQuality "1"]

1. e4 e5 2. Nc3 Nf6 3. f4 d5 4. fxe5 Nxe4 5. Qf3 Nxc3 6. bxc3 Qh4+ 7. g3 Qe4+ 8. Qxe4 dxe4 9. d4 exd3 10. cxd3 Bd7 11. Bg2 Bc6 12. Bxc6+ Nxc6 13. Nf3 Be7 14. d4 0-0 15. Bf4 Ba3 16. Rb1 Na5 17. Ke2 c6 18. h4 f6 19. Kd3 fxe5 20. Nxe5 Rad8 21. Rhd1 Bd6 22. Re1 b6 23. a4 Rf5 24. Ke4 Rff8 25. Kd3 Bb8 26. c4 Rfe8 27. Kc3 Bd6 28. Re3 Be7 29. Rh1 Bf6 30. g4 Rf8 1/2-1/2

[Event "Chennai op 13th"]
[Site "Chennai"]
[Date "2022.06.22"]
[Round "5"]
[White "Rajesh, VAV"]
[Black "Saravana, Krishnan P"]
[Result "1/2-1/2"]
[WhiteElo "2358"]
[BlackElo "2270"]
[PlyCount "60"]
[EventDate "2022.06.19"]
[EventType "swiss"]
[EventRounds "10"]
[EventCountry "IND"]
[SourceTitle "CBM 209 Extra"]
[Source "ChessBase"]
[SourceDate "2022.09.30"]
[SourceVersion "1"]
[SourceVersionDate "2022.09.30"]
[SourceQuality "1"]

1. b3 d5 2. Bb2 Bg4 3. h3 Bh5 4. Nf3 Bxf3 5. exf3 Nf6 6. d4 e6 7. Bd3 c5 8. dxc5 Bxc5 9. 0-0 0-0 10. f4 Nc6 11. Nd2 Bd4 12. Bxd4 Nxd4 13. c3 Nc6 14. Nf3 Rc8 15. Re1 Qa5 16. Qd2 Rfd8 17. Qb2 Ne7 18. Rac1 a6 19. Nd4 Qc7 20. g3 Qd6 21. Qe2 Nc6 22. Nf3 Rc7 23. Qd2 Qf8 24. f5 Qd6 25. fxe6 fxe6 26. Qg5 h6 27. Qe3 Re7 28. Nd4 Nxd4 29. cxd4 Nd7 30. Bb1 e5 1/2-1/2

[Event "Mumbai Wealth op 5th"]
[Site "Mumbai"]
[Date "2020.01.01"]
[Round "3"]
[White "Navalgund, Niranjan"]
[Black "Rajesh, VAV"]
[Result "1-0"]
[WhiteElo "2231"]
[BlackElo "2393"]
[PlyCount "59"]
[EventDate "2019.12.30"]
[EventType "swiss"]
[EventRounds "9"]
[EventCountry "IND"]
[SourceTitle "CBM 194 Extra"]
[Source "ChessBase"]
[SourceDate "2020.03.31"]
[SourceVersion "1"]
[SourceVersionDate "2020.03.31"]
[SourceQuality "1"]

1. d4 Nf6 2. c4 g6 3. Nc3 d5 4. cxd5 Nxd5 5. e4 Nxc3 6. bxc3 Bg7 7. Bc4 c5 8. Ne2 0-0 9. 0-0 Nc6 10. Be3 Qc7 11. Rc1 Rd8 12. h4 e5 13. d5 Na5 14. Bd3 c4 15. Bc2 Qe7 16. Qd2 f5 17. Bg5 Bf6 18. f4 fxe4 19. Bxe4 exf4 20. Qxf4 Bxg5 21. hxg5 Qc5+ 22. Nd4 Bf5 23. Kh1 Qd6 24. Nxf5 gxf5 25. Qxf5 Rd7 26. Qg4 Re7 27. Rcd1 Qe5 28. Bf5 Rg7 29. d6 Qxc3 30. d7 1-0

[Event "Madurai Athens of the East op 1st"]
[Site "Madurai"]
[Date "2019.08.18"]
[Round "10"]
[White "Raja, Rithvik R"]
[Black "Rajesh, VAV"]
[Result "1/2-1/2"]
[WhiteElo "2364"]
[BlackElo "2378"]
[PlyCount "122"]
[EventDate "2019.08.11"]
[EventType "swiss"]
[EventRounds "10"]
[EventCountry "IND"]
[SourceTitle "CBM 191 Extra"]
[Source "ChessBase"]
[SourceDate "2019.09.30"]
[SourceVersion "1"]
[SourceVersionDate "2019.09.30"]
[SourceQuality "1"]

1. Nf3 Nf6 2. c4 c5 3. Nc3 Nc6 4. d4 cxd4 5. Nxd4 g6 6. g3 Bg7 7. Bg2 0-0 8. 0-0 Qa5 9. Nb3 Qh5 10. c5 d6 11. cxd6 Rd8 12. e4 Bg4 13. f3 Be6 14. Qe1 Bxb3 15. dxe7 Qc5+ 16. Be3 Qxe7 17. axb3 Qb4 18. Qe2 Qxb3 19. Rfd1 a6 20. f4 Ne8 21. e5 Nc7 22. Ne4 Ne6 23. Nd6 Rd7 24. Ra3 Qb4 25. Rad3 Rad8 26. Qd2 Bf8 27. Qxb4 Nxb4 28. R3d2 Bxd6 29. exd6 Rc8 30. Bb6 Rc4 31. Ba5 Nc2 32. Bd5 Ne3 33. Bxc4 Nxc4 34. Bc3 Nxd2 35. Rxd2 f5 36. Be5 Kf7 37. Rc2 Nd8 38. Rc8 Ke6 39. h4 Nf7 40. Re8+ Kd5 41. h5 gxh5 42. Kg2 h6 43. Kh3 Nxd6 44. Bxd6 Rxd6 45. Re5+ Kc4 46. Rxf5 Kb3 47. Kh4 Kxb2 48. Kxh5 b5 49. g4 b4 50. g5 hxg5 51. fxg5 b3 52. g6 Rd8 53. Ra5 Rh8+ 54. Kg5 Ra8 55. g7 Rg8 56. Kf6 Kc3 57. Rxa6 b2 58. Rb6 Kc2 59. Kf7 Rxg7+ 60. Kxg7 b1Q 61. Rxb1 Kxb1 1/2-1/2